Textbook of Nursing Research & Biostatistics For Undergraduate Nursing Students (Record no. 362184)

MARC details
000 -LEADER
fixed length control field 00874 a2200205 4500
003 - CONTROL NUMBER IDENTIFIER
control field OSt
005 - DATE AND TIME OF LATEST TRANSACTION
control field 20250331152703.0
008 - FIXED-LENGTH DATA ELEMENTS--GENERAL INFORMATION
fixed length control field 241121b |||||||| |||| 00| 0 eng d
020 ## - INTERNATIONAL STANDARD BOOK NUMBER
International Standard Book Number 9788194727606
041 ## - LANGUAGE CODE
Language code of sung or spoken text Eng.
050 ## - LIBRARY OF CONGRESS CALL NUMBER
Classification number 610.73
100 ## - MAIN ENTRY--PERSONAL NAME
Personal name Kalia, Raman
245 ## - TITLE STATEMENT
Title Textbook of Nursing Research & Biostatistics For Undergraduate Nursing Students
250 ## - EDITION STATEMENT
Edition statement 1
260 ## - PUBLICATION, DISTRIBUTION, ETC. (IMPRINT)
Name of publisher, distributor, etc. Vision Health Science Publisher
Date of publication, distribution, etc. 2020
Place of publication, distribution, etc. Mohali,Punjab
300 ## - PHYSICAL DESCRIPTION
Extent 480 P.
500 ## - GENERAL NOTE
Keywords The syllabus of Indian Nursing Council (INC) for undergraduate and postgraduate nursing students,Online complementary access to power point lectures of each chapter.self-evaluation, each chapter consists of long, short and multiple-choice<br/>questions.self-evaluation, each chapter consists of long, short and multiple-choice<br/>questions.
650 ## - SUBJECT ADDED ENTRY--TOPICAL TERM
Topical term or geographic name as entry element Nursing Research
942 ## - ADDED ENTRY ELEMENTS (KOHA)
Source of classification or shelving scheme Dewey Decimal Classification
Koha item type Books
Holdings
Withdrawn status Lost status Source of classification or shelving scheme Damaged status Not for loan Home library Current library Date acquired Vendor Cost, normal purchase price Total Checkouts Full call number Barcode Date last seen Date last checked out Cost, replacement price Bill Date Koha item type Original Barcode Total Renewals Checked out
    Dewey Decimal Classification     Sitabai Nargundkar College of Nursing Nagpur Sitabai Nargundkar College of Nursing Nagpur 21/11/2024 29 503.88 3 610.73 SNCN-BK-3434 17/02/2026 17/02/2026 725.00 21/11/2024 Books 3434    
    Dewey Decimal Classification     Sitabai Nargundkar College of Nursing Nagpur Sitabai Nargundkar College of Nursing Nagpur 21/11/2024 29 503.88 4 610.73 SNCN-BK-3435 08/07/2025 27/06/2025 725.00 21/11/2024 Books 3435 1  
    Dewey Decimal Classification     Sitabai Nargundkar College of Nursing Nagpur Sitabai Nargundkar College of Nursing Nagpur 25/09/2025 108 486.50 3 610.730/PAR SNCN-BK-3625 15/05/2026 24/03/2026 695.00 25/09/2025 Books      
    Dewey Decimal Classification     Sitabai Nargundkar College of Nursing Nagpur Sitabai Nargundkar College of Nursing Nagpur 25/09/2025 108 486.50 10 610.730/PAR SNCN-BK-3624 11/05/2026 11/05/2026 695.00 25/09/2025 Books   1 30/05/2026
    Dewey Decimal Classification     Sitabai Nargundkar College of Nursing Nagpur Sitabai Nargundkar College of Nursing Nagpur 25/09/2025 108 486.50 8 610.730/PAR SNCN-BK-3626 01/04/2026 11/03/2026 695.00 25/09/2025 Books      
    Dewey Decimal Classification     Sitabai Nargundkar College of Nursing Nagpur Sitabai Nargundkar College of Nursing Nagpur 25/09/2025 108 486.50 7 610.730/PAR SNCN-BK-3623 14/05/2026 14/05/2026 695.00 25/09/2025 Books     29/05/2026
    Dewey Decimal Classification     Sitabai Nargundkar College of Nursing Nagpur Sitabai Nargundkar College of Nursing Nagpur 25/09/2025 108 486.50 12 610.730/PAR SNCN-BK-3627 15/05/2026 25/03/2026 695.00 25/09/2025 Books   1